000 02484nam0a22003251 4500
001 v19\rc\2108077
005 20260407103815.0
035 _a(NLR Aleph) 005180291
090 _a5128937
_c5128937
100 _a20090914d1801 u y0rusy50 ca
101 0 _arus
102 _aRU
140 _ay y mayaa0000
200 1 _aСлово о первоначальном происхождении, постепенном приведении в совершенство и отменной пользе повивальнаго искусства.
_eПо случаю торжественнаго открытия при Императорском Московском воспитательном доме новоучрежденнаго Повивальнаго института,
_fговоренное директором сего Института, определенным при повивальном искусстве доктором шестаго класса, и Императорскаго Московскаго университета п. о. профессором Вильгельмом Рихтером. Января 1 дня, 1801 года
210 _aМосква
_cв Университетской типографии у Хр. Клаудия
_d[1801]
215 _a[6], 3-20 с.
_d4° (24 см)
300 _aНа с.[3-6] посвящ. авт. имп. Марии Федоровне
316 _aЭкз. РНБ (18.125.2.170) в желтой бумаж. обл. На 1-й с. обл. ярлык с шифром РНБ. На 2-й с. обл. незаполненный ярлык. На тит. л., с.15 и 20 круглый штамп ГПБ. Экз. деф.: отсутствуют с.[3-6] (посвящ.). Паг. экз. : 20 с.
_5NLR: 18.125.2.170
321 1 _aСК 1801-1825 7535
620 _aМосква
700 1 _aРихтер
_bВ.М.
_f1767-1822
_gВильгельм Михаил
702 0 _4280
_8rus
_7ca
_aМария Федоровна
_cимператрица российская
_f1759-1828
_3RU\NLR\AUTH\7712606
_9122317
702 1 _4610
_7ca
_8rus
_aКлаудий
_bХ.А.
_f-1805
_gХристофор Александрович
_9232381
_3RU\NLR\AUTH\770232437
712 0 2 _4610
_aМосковский университет
_bТипография
_3RU\NLR\AUTH\889932963
_9361140
801 0 _aRU
_bNLR
_gpsbo
801 1 _aRU
_bProSoft-M
_2rusmarc
852 _aNLR
_j18.125.2.170
942 _cBOOK
980 _aNB